A chronological history of voyages into the arctic regions; undertaken chiefly for the purpose of discovering a north-east, north-west, or polar passage between the Atlantic and Pacific: From the earliest periods of scandinavian navigation, to the departure of the recents expeditions, under the orders of Captains Ross and Buchan

Gardado en:
Detalles Bibliográficos
Autor Principal: Barrow, John (Author)
Formato: Libro
Idioma:inglés
Publicado: Londres John Murray 1818
Edición:1a. ed
Subjects:
Tags: Engadir etiqueta
Sen Etiquetas, Sexa o primeiro en etiquetar este rexistro!

MARC

LEADER 00000nam a2200000 a 4500
001 UCJ3654
003 CL-VaPUC
005 20250227100114.0
008 070124e18180000UK |||||||||||||||||eng|d
999 |c 319776  |d 319774 
040 |c Pontificia Universidad Católica de Valparaíso 
082 0 4 |a 910.4  |b BAR  |2 21 
100 0 |a Barrow, John  |e author  |9 505796 
245 1 2 |a A chronological history of voyages into the arctic regions; undertaken chiefly for the purpose of discovering a north-east, north-west, or polar passage between the Atlantic and Pacific: From the earliest periods of scandinavian navigation, to the departure of the recents expeditions, under the orders of Captains Ross and Buchan 
250 |a 1a. ed 
260 |a Londres  |b John Murray  |c 1818 
300 |a 379 p 
500 |a Exhaustiva historia de los viajes de descubrimiento en el Artico y Polo Norte; un mapa de la región explorada y dos apéndices, uno conteniendo cartografía del Siglo 16 
583 |a last modification  |c 20070124 00:00:00  |k Rodrigo Vera 
600 0 7 |a ZENO, NICOLAS  |2 CL-VaPUC  |9 505797 
600 0 7 |a ZENO, ANTONIO  |2 CL-VaPUC  |9 505798 
600 0 7 |a COLON, CRISTOBAL  |2 CL-VaPUC  |9 265189 
600 0 7 |a CABOTO, SEBASTIAN  |2 CL-VaPUC  |9 446023 
600 0 7 |a CABOTO, JUAN  |2 CL-VaPUC  |9 505799 
600 0 7 |a CARTIER, JACQUES  |2 CL-VaPUC  |9 505800 
600 0 7 |a GOMEZ, ESTEBAN  |2 CL-VaPUC  |9 505322 
600 0 7 |a WILLOUGHBY, HUGH  |2 CL-VaPUC  |9 505801 
600 0 7 |a CHANCELLOR, RICHARD  |2 CL-VaPUC  |9 505802 
600 0 7 |a KNIGHT, JAMES  |2 CL-VaPUC  |9 505803 
600 0 7 |a BARLOW, GEORGE  |2 CL-VaPUC  |9 504649 
600 0 7 |a VAUGHAM, DAVID  |2 CL-VaPUC  |9 505804 
600 0 7 |a SCROGGS, JOHN  |2 CL-VaPUC  |9 505805 
600 0 7 |a BUROUGH, STEVEN  |2 CL-VaPUC  |9 505806 
600 0 7 |a FROBISCHER, MARTIN  |2 CL-VaPUC  |9 505807 
600 0 7 |a FENTON, EDWARD  |2 CL-VaPUC  |9 505808 
600 0 7 |a PET, ARTHUR  |2 CL-VaPUC  |9 505809 
600 0 7 |a JACKMAN, CHARLES  |2 CL-VaPUC  |9 505810 
600 0 7 |a GILBERT, HUMPHREY  |2 CL-VaPUC  |9 505811 
600 0 7 |a DAVIS, JOHN  |2 CL-VaPUC  |9 505812 
600 0 7 |a MALDONADO, LORENZO FERRER  |2 CL-VaPUC  |9 505813 
600 0 7 |a FUCA, JUAN DE  |2 CL-VaPUC  |9 505814 
600 0 7 |a CORNELISON, CORNELIS  |2 CL-VaPUC  |9 505815 
600 0 7 |a YSBRANTS, BRANDS  |2 CL-VaPUC  |9 505816 
600 0 7 |a BARENTS, WILLIAM  |2 CL-VaPUC  |9 505561 
600 0 7 |a ADAMS, WILLIAM  |2 CL-VaPUC  |9 505817 
600 0 7 |a WEYMOUTH, GEORGE  |2 CL-VaPUC  |9 505818 
600 0 7 |a HALL, JAMES  |2 CL-VaPUC  |9 505819 
600 0 7 |a KNIGHT, JOHN  |2 CL-VaPUC  |9 505820 
600 0 7 |a DAWBENEY, OLIVER  |2 CL-VaPUC  |9 505821 
600 0 7 |a HORE, MASTER  |2 CL-VaPUC  |9 505822 
600 0 7 |a HUDSON, HENRY  |2 CL-VaPUC  |9 505564 
600 0 7 |a BUTTON, THOMAS  |2 CL-VaPUC  |9 505823 
600 0 7 |a HALL, JAMES  |2 CL-VaPUC  |9 505819 
600 0 7 |a BYLOT, ROBERT  |2 CL-VaPUC  |9 505824 
600 0 7 |a GIBBONS, C.  |2 CL-VaPUC  |9 505825 
600 0 7 |a BAFFIN, WILLIAM  |2 CL-VaPUC  |9 505826 
600 0 7 |a ROSS, JOHN  |2 CL-VaPUC  |9 505827 
600 0 7 |a BUCHAN, DAVID  |2 CL-VaPUC  |9 505828 
600 0 7 |a Parry, William Edward   |d 1790-1855  |9 880774 
600 0 7 |a FRANKLIN, JOHN  |2 CL-VaPUC  |9 505830 
600 0 7 |a YOUNG, WALTERCOOK, JAMES  |2 CL-VaPUC  |9 505831 
600 0 7 |a CLERKE, CHARLES  |2 CL-VaPUC  |9 505832 
600 0 7 |a PHIPPS, CONSTANTINE JOHN  |2 CL-VaPUC  |9 505568 
600 0 7 |a MEDDLETON, CHRISTOPHER  |2 CL-VaPUC  |9 505833 
650 0 |a Viajes  |9 257115 
650 0 |a Historia  |9 255047 
650 0 |a Descubrimientos geográficos  |9 331933 
651 7 |a ESTRECHO DE BERING  |2 CL-VaPUC  |9 505834 
651 7 |a MAR DE BAFFIN  |2 CL-VaPUC  |9 505835 
651 7 |a REGION ARTICA  |2 CL-VaPUC  |9 366377 
651 7 |a POLO NORTE  |2 CL-VaPUC  |9 310897 
942 |c BK  |2 ddc 
945 |d 20070124 00:00:00  |a rinostro 
952 |0 0  |1 0  |4 0  |6 910_400000000000000_BAR_1818  |7 0  |8 ?  |9 398153  |a FDOBUD  |b FDOBUD  |d 2019-11-22  |i 1006649  |o 910.4 BAR 1818  |p 1006649  |r 2019-11-22  |w 2019-11-22  |y BK  |k BUD